Normal view MARC view
  • Educación

Entry Materia

Number of records used in: 4

001 - NÚMERO DE CONTROL DEL REGISTRO

  • campo de control: 17242

003 - IDENTIFICADOR DE NUMERO DE CONTROL

  • campo de control: MX-MxUPN

005 - FECHA Y HORA DE LA ÚLTIMA TRANSACCIÓN

  • campo de control: 20250825124617.0

008 - DATOS DE LONGITUD FIJA

  • campo de control de longitud fija: 250825nabacnnnaabn b |nc |d

035 ## - NÚMERO DE CONTROL DEL SISTEMA

  • Número de control del sistema: UPN10000017250

040 ## - FUENTE DE LA CATALOGACIÓN

  • Lengua de catalogación: SPA
  • Agencia de transcripción: UPN

150 ## - ENCABEZAMIENTO - TEMÁTICO

  • Término de materia o nombre geográfico como elemento inicial: Educación
  • Subdivisión geográfica: Irán

670 ## - FUENTE EN LA QUE SE LOCALIZARON DATOS

  • Cita de la fuente: E
  • Información localizada: Educación - India

670 ## - FUENTE EN LA QUE SE LOCALIZARON DATOS

  • Cita de la fuente: The development of education :‡bNational report of the Islamic Republic or Iran
  • Información localizada: Portada : (Islamic Repúblic of Iran by Ministry of education)

902 ## - CATALOGADOR

  • Catalogador: MMA/101096
  • Catalogador: Berenice Martínez/200825